00647cam a22002291 4500001001300000003000400013005001700017008004100034010001700075035002000092040002100112042001200133050002200145100003200167245005400199260003200253300003700285600003300322600002400355752002100379999001700400he 66000901 DLC20260227111438.0840508s1965 is ac 000 0 heb  ahe 66000901  a(OCoLC)19147751 aDLCcMHdCUdDLC apremarc00aHV1215.7.W32bD662 aLevi-Lisner, Hindah,d1910-10aBi-meḥitsato shel Yanush Kortsʼak :brishumim. aTel Aviv :bDaʻat,c[1965] a124 p. :bill., ports. ;c23 cm.10aKorczak, Janusz,d1878-1942.10aWarsaw. Dom Sierot. aIsraeldTel Aviv c31741d31741